000
00327nam a2200109Ia 4500
008
200302s9999 xx 000 0 und d
100
_a
S. Rick Fedrizzi
245
_a
The Integrative Design Guide to Green Building Redefining the Practice of Sustainability
260
_b
John- Wiley & Sons, Inc.,
260
_c
2009
300
_a
398
999
_c
5368
_d
5368